Westbury to use pre-built homes (Record no. 63197)

MARC details
000 -LEADER
fixed length control field 00728cam a2200217 4500
001 - CONTROL NUMBER
control field WB3616-30
008 - FIXED-LENGTH DATA ELEMENTS--GENERAL INFORMATION
fixed length control field 000000n2000 000 0 eng u
035 ## - SYSTEM CONTROL NUMBER
System control number (Sirsi) u105480
245 ## - TITLE STATEMENT
Title Westbury to use pre-built homes
260 ## - PUBLICATION, DISTRIBUTION, ETC.
Date of publication, distribution, etc. 2000
490 ## - SERIES STATEMENT
Series statement Financial Times
Volume/sequential designation 17 April 2000, 26
490 ## - SERIES STATEMENT
Series statement Sunday Times
Volume/sequential designation 23 April 2000, 5.17(2)
520 ## - SUMMARY, ETC.
Summary, etc. Westbury is to spend nearly £10m to enter the market for factory-manufactured components, halving the time it takes to build a typical house. Sunley Estates are also working on a similar project.
590 ## - LOCAL NOTE (RLIN)
Local note WB
650 ## - SUBJECT ADDED ENTRY--TOPICAL TERM
Topical term or geographic name entry element HOUSE BUILDING
650 ## - SUBJECT ADDED ENTRY--TOPICAL TERM
Topical term or geographic name entry element PREFABRICATION
650 ## - SUBJECT ADDED ENTRY--TOPICAL TERM
Topical term or geographic name entry element WESTBURY
650 0# - SUBJECT ADDED ENTRY--TOPICAL TERM
Topical term or geographic name entry element SUNLEY ESTATES
690 ## - LOCAL SUBJECT ADDED ENTRY--TOPICAL TERM (OCLC, RLIN)
Topical term or geographic name as entry element HOUSING
942 ## - ADDED ENTRY ELEMENTS (KOHA)
Suppress in OPAC 0
Holdings
Withdrawn status Lost status Source of classification or shelving scheme Damaged status Not for loan Home library Current library Shelving location Date acquired Total Checkouts Full call number Barcode Date last seen Copy number Price effective from Koha item type
    Dewey Decimal Classification     London London News article 19/04/2000   WB3616-30 105480-1001 06/08/2019 1 06/08/2019 News article